000 00455nam a22001577a 4500
020 _a9788131708248
040 _cNUST
082 _a621.3822 IFE
100 _aIfeachor, Emmanuel
_991726
110 _aJervis, Barrie W.
_991727
245 _aDigital Signal Processing:
_bA Practical Approach
250 _a2nd Edition
260 _aIndia:
_bPerson Education,
_c2011.
650 _aDEE TEXT BOOK.DIGITAL SIGNAL PROCESSING
_991749
942 _2ddc
_cTEXT
999 _c589878
_d589878